• 首页
  • 本馆介绍
  • 公告通知
  • 最新文献
  • 馆藏检索
  • 电子资源
  • 读者导购
  • 参考咨询
  • 我的图书馆
  • 登录
  • 详细信息显示
  • 放入我的书架
  • 预约/预借图书
  • 作者相关作品
  • 分类相关作品
  • 丛书相关作品
  • 出版社相关作品

书目信息

  • 表格格式
  • 工作单格式
  • 卡片格式
题名:
燃烧与爆炸学
    
 
作者: 张英华 , 黄志安 , 高玉坤 主编
分册:  
出版信息: 北京   冶金工业出版社  2015.08
页数: 221页
开本: 26cm
丛书名:
单 册:
中图分类: O643.2
科图分类:
主题词: 燃烧学--ran shao xue--高等学校--教材 , 爆炸--bao zha--理论--高等学校--教材
电子资源:
ISBN: 978-7-5024-7017-3
000 01184nam0 2200289 450
001 2033513725
005 20201122095215.00
010    @a978-7-5024-7017-3@dCNY32.00
100    @a20151101e20182015em y0chiy50 ea
101 0  @achi
102    @aCN@b110000
105    @aa z 000yy
106    @ar
200 1  @a燃烧与爆炸学@9ran shao yu bao zha xue@f张英华, 黄志安, 高玉坤主编
205    @a2版
210    @a北京@c冶金工业出版社@d2015.08@h2018.01
215    @a221页@c图@d26cm
300    @a普通高等教育“十二五”规划教材
330    @a全书分为六章,第1章介绍了燃烧与爆炸的化学基础,包括燃烧与爆破的本质及条件,关于燃烧爆炸的一些计算方法;第2章介绍了介绍了热传导、对流换热、热辐射及物质的传递;第3章介绍了着火分类和着火条件、谢苗诺夫热自燃理论、弗兰克—卡门涅茨基热自燃理论、链反应、强迫着火;第4章~第6章分别介绍了可燃气体、可燃液体和可燃固体的燃烧与爆炸。
606 0  @a燃烧学@9ran shao xue@x高等学校@j教材
606 0  @a爆炸@9bao zha@x理论@x高等学校@j教材
690    @aO643.2@v5
701  0 @a张英华@9zhang ying hua@4主编
701  0 @a黄志安@9huang zhi an@4主编
701  0 @a高玉坤@9gao yu kun@4主编
801  0 @aCN@bBJSZM@c20201120
905    @b1245054-6@dO643.2@e76=2@f3
    
    燃烧与爆炸学/张英华, 黄志安, 高玉坤主编.-2版.-北京:冶金工业出版社,2015.08(2018.01)
    221页:图;26cm
    普通高等教育“十二五”规划教材
    
    ISBN 978-7-5024-7017-3:CNY32.00
    全书分为六章,第1章介绍了燃烧与爆炸的化学基础,包括燃烧与爆破的本质及条件,关于燃烧爆炸的一些计算方法;第2章介绍了介绍了热传导、对流换热、热辐射及物质的传递;第3章介绍了着火分类和着火条件、谢苗诺夫热自燃理论、弗兰克—卡门涅茨基热自燃理论、链反应、强迫着火;第4章~第6章分别介绍了可燃气体、可燃液体和可燃固体的燃烧与爆炸。
●
相关链接 在E读中查询图书 在五车中查询图书 在当当中查询图书 在豆瓣中查询图书


正题名:燃烧与爆炸学     索取号:O643.2/76=2         预约/预借

序号 登录号 条形码 馆藏地/架位号 状态 备注
1 1245054   212450541   第二样本阅览室/ [索取号:O643.2/76=2] 在馆    
2 1245055   212450550   第三借阅区/ [索取号:O643.2/76=2] 在馆    
3 1245056   212450569   第三借阅区/ [索取号:O643.2/76=2] 在馆    
唐山师范学院图书馆 欢迎您!
大连网信软件有限公司© 版权所有